000 00479nam a2200169 i 4500
001 63215
003 ES-MaACL
005 20230906164817.0
007 t|
008 031203s1930 fr ||||1| spa d
100 1 _aFerrara, Orestes.
_950298
245 1 3 _aEl Panamericanismo y la opinión europea /
_cOrestes Ferrara.
260 _aParís :
_bLe livre libre,
_c1930.
300 _a302 p. ;
_c23 cm.
650 0 4 _aPanamericanismo.
_915812
852 _aES-MaACL
_jC-12243
_bR.40368
999 _c63215
_d63215